Female Monarchs in British History Quiz Stats

 Plays Quiz Updated Oct 19, 2013

Score 0/10 Timer 03:00
0 Plays Today
Year of Reign Name % Correct
1558 - 1603Queen Elizabeth I
98.3%
1952 - (present day)Queen Elizabeth II
98.1%
1837 - 1901Queen Victoria
95.7%
1542-1567Mary Stewart (Queen of Scots)
95.1%
1702 - 1714Queen Anne
83.7%
1553Lady Jane Grey
72.6%
1553 - 1558Queen Mary I
70.2%
1689 - 1694Queen Mary II (and William III)
61%
1141Queen Matilda (and King Stephen)
43.8%
1286-1290Margaret (Maid of Norway)
20.9%

You're not logged in!

Compare scores with friends on all Sporcle quizzes.
OR
Log In

Sporcle TV

Today on Sporcle TV


Watch our educational content, quiz creation guides, and fun videos on Sporcle TV.

Show Comments

Extras

Top Quizzes Today


Score Distribution

Your Account Isn't Verified!

In order to create a playlist on Sporcle, you need to verify the email address you used during registration. Go to your Sporcle Settings to finish the process.

Report this User

Report this user for behavior that violates our Community Guidelines.

Details: